LEADER 01423nam a2200313 a 4500 001 000000123254 003 CaOOAMICUS 005 20101006092449.0 008 101006t2004 ck d u000 u spa r 020 $a958-97303-9-6 040 $aPUL$bita 082 04$a230.071 100 1 $aToro Jaramillo, Iván Darío.$0(OLS)http://pul/name/77568 245 13$aLa diócesis de Medellín (1868 - 1902) :$bactuación y formación del clero /$cIván Darío Toro Jaramillo . 260 $aMedellin :$bFundación Universitaria Luis Amigó,$c2004. 300 $a735 p. :$bgrafici ;$c23 cm 490 1 $aColección Profesores 504 $aBibliografia : p. 681-735. 610 24$aChiesa cattolica$zColombia.$0(OLS)http://pul/subject/27309 651 4$aColombia$xStoria ecclesiastica.$0(OLS)http://pul/subject/7227 830 0$aColección Profesores.$0(OLS)http://pul/title/155324 850 $aPUL 852 $aPUL$W1$xSL Religione 3$y85$m230. 071 TORIV 1$j141749$qDDC 21$B140762$CPULBib$Z2$F140762 $H102943 $82 941 1 $a9 996 $6020$a958-97303-9-6$9(OLS)http://pul/number/145552 996 $6082$a230.071$9(OLS)http://pul/classification/1657 996 $6245$aLa diócesis de Medellín (1868 - 1902) :$bactuación y formación del clero$9(OLS)http://pul/title/155323 996 $6260$aMedellin :$bFundación Universitaria Luis Amigó$9(OLS)http://pul/publisher/81429 LEADER 01528nam a2200301 a 4500 001 000000156774 003 CaOOAMICUS 005 20161128115032.0 008 161128s1947 is u000 u lat r 032 $aLibriCat 040 $aPUL$bita 100 1 $aTalatinian, Basil,$cO.F.M.$0(OLS)http://pul/name/99989 245 10$aDe contractu matrimoniali iuxta Armenos : $bdisquisitio historico-iuridica /$cP. Basilius Talatinian, O.F.M. 260 $aHierosolymis :$bPP. Franciscanorum,$c1947. 300 $aXIII, 197 p. ;$c24 cm. 502 $aTesi -- Pontificium Athenaeum Antonianum. Facultas Iuridica. 1947. 504 $aBibliografia in nota. 651 4$aArmenia$xStoria ecclesiastica.$0(OLS)http://pul/subject/9280 710 2 $aPontificio Ateneo Antoniano.$bFacoltà di Diritto Canonico.$kTesi.$0(OLS)http://pul/name/99826 850 $aPUL 852 $aPUL$W1$xDP1 Tesi Pon. At. Antonianum$y30$mTH ANT IUS48bis$j180057$qTesi$B183180$CPULBib$Z2$F183180 $H12156 $82 910 $aPontificia Università Antonianum.$bFacoltà di diritto canonico.$kTesi$999826 910 $aPontificia Università Antonianum.$bFacoltà di diritto canonico.$kTesi$999826 910 $aPontificium Athenaeum Antonianum.$bFacultas Iuris Canonici$kTesi$999826 941 1 $a16 996 $6245$aDe contractu matrimoniali iuxta Armenos : $bdisquisitio historico-iuridica$9(OLS)http://pul/title/196382 996 $6260$aHierosolymis :$bPP. Franciscanorum$9(OLS)http://pul/publisher/85697